| 000 | 00598nam a2200217 i 4500 | ||
|---|---|---|---|
| 001 | 27475 | ||
| 003 | ES-MaACL | ||
| 005 | 20230906153625.0 | ||
| 007 | t| | ||
| 008 | 030114s1985 sp ||||1| spa d | ||
| 020 | _a84-256-0426-5 | ||
| 100 | 1 |
_aAubert, Jean. _923796 |
|
| 245 | 1 | 0 |
_aCómo hacer un test gráfico / _cJean Aubert. |
| 260 |
_aMadrid : _bIbérico Europea de Ediciones, _c1985. |
||
| 300 |
_a115 p. : _bil. ; _c21 cm. |
||
| 490 | 1 | _aCómo | |
| 650 |
_aTests psicológicos. _9147498 |
||
| 830 | 0 |
_aCómo _9181421 |
|
| 852 |
_aES-MaACL _jC-2217 _bR.111376 |
||
| 999 |
_c27475 _d27475 |
||